Embodiment in cognition and culture
| Contributors: | |
|---|---|
| Format: | Print Book |
| Language: | English |
| Subito Delivery Service: | Order now. |
| Check availability: | HBZ Gateway |
| WorldCat: | WorldCat |
| Interlibrary Loan: | Interlibrary Loan for the Fachinformationsdienste (Specialized Information Services in Germany) |
| Published: |
Amsterdam [u.a.]
John Benjamins Pub.
c 2007
|
| In: |
Advances in consciousness research (71)
Year: 2007 |
| Series/Journal: | Advances in consciousness research
71 |
| Standardized Subjects / Keyword chains: | B
Cognition
|
| Further subjects: | B
Cognition and culture
B Collection of essays |
| Online Access: |
Table of Contents Table of contents only |
MARC
| LEADER | 00000cam a2200000 c 4500 | ||
|---|---|---|---|
| 001 | 528123971 | ||
| 003 | DE-627 | ||
| 005 | 20251223213152.0 | ||
| 007 | tu | ||
| 008 | 070502s2007 ne ||||| 00| ||eng c | ||
| 010 | |a 2007016259 | ||
| 020 | |a 9789027252074 |c hb : alk. paper |9 978-90-272-5207-4 | ||
| 035 | |a (DE-627)528123971 | ||
| 035 | |a (DE-576)267215096 | ||
| 035 | |a (DE-599)GBV528123971 | ||
| 035 | |a (OCoLC)237024660 | ||
| 035 | |a (OCoLC)238604207 | ||
| 040 | |a DE-627 |b ger |c DE-627 |e rakwb | ||
| 041 | |a eng | ||
| 044 | |c XA-NL |c XD-US | ||
| 050 | 0 | |a BF311 | |
| 082 | 0 | |a 153 |q LOC |2 22 | |
| 084 | |a 5,1 |2 ssgn | ||
| 084 | |a 1 |2 ssgn | ||
| 084 | |a CC 4400 |2 rvk |0 (DE-625)rvk/17626: | ||
| 084 | |a CC 8200 |2 rvk |0 (DE-625)rvk/17701: | ||
| 084 | |a ES 110 |2 rvk |0 (DE-625)rvk/27792: | ||
| 084 | |a 77.31 |2 bkl | ||
| 191 | |a 1 | ||
| 245 | 0 | 0 | |a Embodiment in cognition and culture |c ed. by John Michael Krois ... |
| 263 | |a 0709 | ||
| 264 | 1 | |a Amsterdam [u.a.] |b John Benjamins Pub. |c c 2007 | |
| 300 | |a XXII, 304 S. |b Ill. | ||
| 336 | |a Text |b txt |2 rdacontent | ||
| 337 | |a ohne Hilfsmittel zu benutzen |b n |2 rdamedia | ||
| 338 | |a Band |b nc |2 rdacarrier | ||
| 490 | 1 | |a Advances in consciousness research |v 71 | |
| 500 | |a Includes bibliographical references and index | ||
| 583 | 1 | |a Archivierung prüfen |c 20221111 |f DE-640 |z 3 |2 pdager | |
| 650 | 0 | |a Cognition and culture | |
| 655 | 7 | |a Aufsatzsammlung |0 (DE-588)4143413-4 |0 (DE-627)105605727 |0 (DE-576)209726091 |2 gnd-content | |
| 689 | 0 | 0 | |d s |0 (DE-588)4031630-0 |0 (DE-627)104799021 |0 (DE-576)208993614 |2 gnd |a Kognition |
| 689 | 0 | |5 (DE-627) | |
| 700 | 1 | |e Hrsg. |0 (DE-588)13380027X |0 (DE-627)556386388 |0 (DE-576)164224920 |4 edt |a Krois, John Michael |d 1943-2010 | |
| 830 | 0 | |a Advances in consciousness research |v 71 |9 71 |w (DE-627)320426122 |w (DE-576)047591668 |w (DE-600)2003194-4 |x 1381-589X |7 am | |
| 856 | 4 | 2 | |u http://bvbr.bib-bvb.de:8991/F?func=service&doc_library=BVB01&doc_number=016154433&line_number=0001&func_code=DB_RECORDS&service_type=MEDIA |m V:DE-604 |q application/pdf |v 20090731000000 |3 Inhaltsverzeichnis |7 1 |
| 856 | 4 | 2 | |u http://www.loc.gov/catdir/toc/ecip0716/2007016259.html |x Verlag |y Table of contents only |7 1 |
| 935 | |a mteo | ||
| 935 | |i Blocktest | ||
| 936 | r | v | |a CC 4400 |b Abhandlungen zur Erkenntnistheorie |k Philosophie |k Systematische Philosophie |k Erkenntnistheorie |k Abhandlungen zur Erkenntnistheorie |0 (DE-627)1270638866 |0 (DE-625)rvk/17626: |0 (DE-576)200638866 |
| 936 | r | v | |a CC 8200 |b Abhandlungen |k Philosophie |k Systematische Philosophie |k Geschichts- und Kulturphilosophie |k Abhandlungen |0 (DE-627)1270639277 |0 (DE-625)rvk/17701: |0 (DE-576)200639277 |
| 936 | r | v | |a ES 110 |b Sprache und Kultur |k Allgemeine und vergleichende Sprach- und Literaturwissenschaft. Indogermanistik. Außereuropäische Sprachen und Literaturen |k Spezialbereiche der allgemeinen Sprachwissenschaft |k Soziolinguistik |k Sprache und Kultur |0 (DE-627)1271295156 |0 (DE-625)rvk/27792: |0 (DE-576)201295156 |
| 936 | b | k | |a 77.31 |j Kognition |0 (DE-627)106413031 |
| 951 | |a BO | ||
| ACO | |a 1 | ||
| ELC | |b 1 | ||
| ITA | |a 1 | ||
| LOK | |0 000 xxxxxcx a22 zn 4500 | ||
| LOK | |0 001 312508959X | ||
| LOK | |0 003 DE-627 | ||
| LOK | |0 004 528123971 | ||
| LOK | |0 005 20090914092555 | ||
| LOK | |0 008 090914||||||||||||||||ger||||||| | ||
| LOK | |0 040 |a DE-21-31 |c DE-627 |d DE-21-31 | ||
| LOK | |0 541 |e 09/1252 | ||
| LOK | |0 852 |a DE-21-31 | ||
| LOK | |0 852 1 |c Yi I k 18 |m p |9 00 | ||
| LOK | |0 938 |a 0909 |f E14 | ||
| LOK | |0 938 |k p | ||
| LOK | |0 939 |a 14-09-09 |b l01 | ||
| ORI | |a SA-MARC-ixtheoa001.raw | ||
| REL | |a 1 | ||
| STA | 0 | 0 | |a Cognition,Knowledge |
| STB | 0 | 0 | |a Cognition |
| STC | 0 | 0 | |a Cognición |
| STD | 0 | 0 | |a Cognizione |
| STE | 0 | 0 | |a 认知,认识 |
| STF | 0 | 0 | |a 認知,認識 |
| STG | 0 | 0 | |a Cognição |
| STH | 0 | 0 | |a Познание |
| STI | 0 | 0 | |a Νόηση |
| SUB | |a REL | ||
| SYG | 0 | 0 | |a Kognition,Kognitive Ordnung,Kognitive Struktur |



